政令指定都市の指定年 - Statistics

General Stats
  • This quiz has been taken 23 times
  • The average score is 19 of 20
Answer Stats
政令指定都市 指定年 % Correct
新潟市 2006年
100%
浜松市 2007年
100%
岡山市 2009年
100%
相模原市 2010年
100%
熊本市 2012年
100%
広島市 1980年
95%
仙台市 1989年
95%
千葉市 1992年
95%
さいたま市 2003年
95%
静岡市 2005年
95%
堺市 2006年
95%
横浜市 1956年
91%
名古屋市 1956年
91%
京都市 1956年
91%
神戸市 1956年
91%
大阪市 1956年
91%
福岡市 1972年
91%
北九州市 1963年
86%
札幌市 1972年
86%
川崎市 1972年
86%
No matching quizzes found
Score Distribution
Percent of People with Each Score
Percentile by Number Answered
Your Score History
You have not taken this quiz